Nazi Stuff - Statistics

General Stats
  • This quiz has been taken 203 times
  • The average score is 11 of 20
Answer Stats
Hint Nazi stuff % Correct
Capital of Nazi Germany Berlin
99%
Hitler s manifesto book Mein Kampf
83%
Highest military award Iron cross
78%
Airforces of the above Luftwaffe
75%
Major paramilitary Organization, "Protection squadron" Schutzstaffel aka SS
74%
Secret state police Gestapo
73%
Nazi salute "Sieg Heil!" or "Heil Hitler!"
70%
Building set on fire by nazis in 27 Feb 1933 to gain more power Reichstag
68%
Code name for invasion of the Soviet Union Operation Barbarossa
67%
Annexation of Austria was called Anschluß
56%
Site of the Nazi party rallies 1928-1938 Nürnberg
54%
Doctrine for German expansion Lebensraum, 'living space'
52%
Pesticide used to kill prisoners in concentration camps Zyklon B
49%
Armed Forces in Nazi Germany Wehrmacht
42%
Night of the 9-10 November, " the Night of Broken Glass " Crystal night
39%
Non-Aryans Untermenschen, 'subhumans'
37%
Hitler's place/bunker in the eastern Prussia (now Poland ) Wolfsschanze, Wolf' s Lair
25%
Hitler's home in the Bavarian Alps Berghof
24%
Nazi airport in Berlin Tempelhof
20%
Style of the above and nazi architecture in general Neoclassicism
18%
No matching quizzes found
Score Distribution
Percent of People with Each Score
Percentile by Number Answered
Your Score History
You have not taken this quiz